000 00730nam a2200253Ia 4500
003 OSt
005 20220927111100.0
006 a|||||r|||| 00| 0
007 ta
008 220926b |||||||| |||| 00| 0 eng d
024 _a82919
037 _cReports
040 _aRTL
_cRTL
_beng
041 _2eng
_aeng
082 _a"X 9(D66).3.N80t, M1/GD"
110 _a"GREAT BRITAIN, MONOPOLIES"
_9381261
245 0 _aCentral Electricity generating Board
_b a report
260 _aLondon
_bH M S O UK
_c1981
300 _a360p.
_ccm.
650 _aElectrical
700 _a"GREAT BRITAIN, MONOPOLIES"
_9381262
942 _h"X 9(D66).3.N80t, M1/GD"
_cCC
999 _c698617
_d698617